LEADER 01126cam0-22003611i-450- 001 990005597650403321 005 20070209131932.0 035 $a000559765 035 $aFED01000559765 035 $a(Aleph)000559765FED01 035 $a000559765 100 $a19990604d1961----km-y0itay50------ba 101 0 $aita 102 $aIT 105 $ay-------001yy 200 1 $a<>biblioteca di S. Domenico in Bologna$fV. Alce, A. D'Amato 210 $aFirenze$cLeo S. Olschki$d1961 215 $a174 p., [8] c. di tav.$cill.$d22 cm 225 1 $aCollana di monografie delle biblioteche d'Italia$v5 610 0 $aBologna$aBiblioteca San Domenico$aStoria 676 $a027.7$v21$zita 700 1$aAlce,$bVenturino$0169431 701 1$aD'Amato,$bAlfonso$024542 801 0$aIT$bUNINA$gRICA$2UNIMARC 901 $aBK 912 $a990005597650403321 952 $a027.7 BIB 1 (5)$bST. ARTE 5827$fFLFBC 952 $aSE 070.04.19-$bB023569$fDECSE 952 $a027.7 BIB 1 (5) BIS$bPAL.DIPL. 500$fFLFBC 959 $aFLFBC 959 $aDECSE 996 $aBiblioteca di S. Domenico in Bologna$9608617 997 $aUNINA LEADER 04699nam 2201009 450 001 9910821963103321 005 20230803195329.0 010 $a0-520-95763-6 024 7 $a10.1525/9780520957633 035 $a(CKB)2670000000529041 035 $a(EBL)1639080 035 $a(SSID)ssj0001130994 035 $a(PQKBManifestationID)11776521 035 $a(PQKBTitleCode)TC0001130994 035 $a(PQKBWorkID)11110673 035 $a(PQKB)10653541 035 $a(StDuBDS)EDZ0000230015 035 $a(MiAaPQ)EBC1639080 035 $a(OCoLC)871189776 035 $a(MdBmJHUP)muse32361 035 $a(DE-B1597)520667 035 $a(DE-B1597)9780520957633 035 $a(Au-PeEL)EBL1639080 035 $a(CaPaEBR)ebr10841531 035 $a(CaONFJC)MIL577586 035 $a(EXLCZ)992670000000529041 100 $a20140314h20142014 uy 0 101 0 $aeng 135 $aurcnu|||||||| 181 $ctxt 182 $cc 183 $acr 200 10$aMy Los Angeles $efrom urban restructuring to regional urbanization /$fEdward W. Soja 210 1$aBerkeley, California :$cUniversity of California Press,$d2014. 210 4$dİ2014 215 $a1 online resource (295 p.) 300 $aIncludes index. 311 0 $a0-520-28174-8 311 0 $a0-520-28172-1 320 $aIncludes bibliographical references and index. 327 $tFront matter --$tCONTENTS --$tList of Illustrations --$tAcknowledgments --$tIntroduction --$t1. When It First Came Together in Los Angeles --$t2. Taking Los Angeles Apart --$t3. Inside Exopolis: Views of Orange County --$t4. Comparing Los Angeles --$t5. On the Postmetropolitan Transition --$t6. A Look Beyond Los Angeles --$t7. Regional Urbanization and the End of the Metropolis Era --$t8. Seeking Spatial Justice in Los Angeles --$t9. Occupy Los Angeles: A Very Contemporary Conclusion --$tAppendix 1: Source Texts by the Author --$tAppendix 2: Complementary Video Sources --$tIndex 330 $aAt once informative and entertaining, inspiring and challenging, My Los Angeles provides a deep understanding of urban development and change over the past forty years in Los Angeles and other city regions of the world. Once the least dense American metropolis, Los Angeles is now the country's densest urbanized area and one of the most culturally heterogeneous cities in the world. Soja takes us through this urban metamorphosis, analyzing urban restructuring, deindustrialization and reindustrialization, the globalization of capital and labor, and the formation of an information-intensive New Economy. By examining his own evolving interpretations of Los Angeles and the debates on the so-called Los Angeles School of urban studies, Soja argues that a radical shift is taking place in the nature of the urbanization process, from the familiar metropolitan model to regional urbanization. By looking at such concepts as new regionalism, the spatial turn, the end of the metropolis era, the urbanization of suburbia, the global spread of industrial urbanism, and the transformative urban-industrialization of China, Soja offers a unique and remarkable perspective on critical urban and regional studies. 606 $aCity planning$zCalifornia$zLos Angeles 606 $aSociology, Urban$zCalifornia$zLos Angeles 606 $aRegional planning$zCalifornia$zLos Angeles 610 $aamerican history. 610 $aamerican metropolis. 610 $acalifornia. 610 $acalifornian history. 610 $acapital and labor. 610 $acity life. 610 $acity regions. 610 $acrowded cities. 610 $adeindustrialization. 610 $aglobalization. 610 $aheterogeneous. 610 $ahistory of los angeles. 610 $ahistory. 610 $alos angeles school of urban studies. 610 $alos angeles. 610 $ametropolis era. 610 $anew economy. 610 $anew regionalism. 610 $apolitics. 610 $aregional studies. 610 $aregional urbanization. 610 $areindustrialization. 610 $aspatial turn. 610 $aunited states of america. 610 $aurban development. 610 $aurban restructuring. 610 $aurban studies. 610 $aurban. 610 $aurbanization of suburbia. 610 $aurbanization. 615 0$aCity planning 615 0$aSociology, Urban 615 0$aRegional planning 676 $a307.1/2160979494 700 $aSoja$b Edward W$0242718 801 0$bMiAaPQ 801 1$bMiAaPQ 801 2$bMiAaPQ 906 $aBOOK 912 $a9910821963103321 996 $aMy Los Angeles$94062964 997 $aUNINA LEADER 03126nam 2200577Ia 450 001 9910438009903321 005 20200520144314.0 010 $a1-4419-6430-4 024 7 $a10.1007/978-1-4419-6430-4 035 $a(CKB)3710000000015725 035 $a(EBL)1387203 035 $a(SSID)ssj0000988043 035 $a(PQKBManifestationID)11534986 035 $a(PQKBTitleCode)TC0000988043 035 $a(PQKBWorkID)10949052 035 $a(PQKB)10549736 035 $a(DE-He213)978-1-4419-6430-4 035 $a(MiAaPQ)EBC1387203 035 $a(PPN)172417511 035 $a(EXLCZ)993710000000015725 100 $a20111102d2013 uy 0 101 0 $aeng 135 $aur|n|---||||| 181 $ctxt 182 $cc 183 $acr 200 00$aAutoimmune (IgG4-associated) pancreatitis and cholangitis /$fMichael J. Levy, Suresh T. Chari, editors 205 $a1st ed. 2013. 210 $aNew York $cSpringer Science$d2013 215 $a1 online resource (262 p.) 300 $aDescription based upon print version of record. 311 $a1-4419-6429-0 320 $aIncludes bibliographical references and index. 327 $aBackground and Perspective -- Immune Pathogenesis -- Overview of Types 1 and 2 -- Histologic Features -- CT and MRI Features -- EUS Features -- ERCP Features -- Clinical Features -- Approach to Diagnosis -- Surgical Implications -- Approach to Therapy -- Secondary Sclerosing Cholangitis -- Histologic Features -- CT and MRI Features -- ERCP and EUS/IDUS Features -- Clinical Spectrum and Management -- Overview -- Tubulointerstitial Nephritis and other Renal Involvement by IgG4-Related Disease -- IgG4-related Lung Disease -- Italian Experience -- British Experience -- Japanese Experience -- Korean Experience -- Summary and Look to the Future. 330 $aAutoimmune (IgG4-related) Pancreatitis and Cholangitis reviews the breadth of clinical, imaging, histological, laboratory, and imaging features associated with IgG4-associated systemic disease, especially AIP and IAC. Written by experts in their fields, each chapter includes an overview of existing data as well as the most up-to-date scientific information and emerging data. The book also addresses areas of uncertainty and controversy, briefly highlighting clinical and research needs relative to the respective topic. Comprehensive and easy to use, Autoimmune (IgG4-related) Pancreatitis and Cholangitis is a valuable resource for physicians who deal with or are interested in these complex disease processes, including gastroenterologists, hepatologists, and surgeons. 606 $aPancreatitis 606 $aBile ducts$xDiseases 606 $aAutoimmune diseases 615 0$aPancreatitis. 615 0$aBile ducts$xDiseases. 615 0$aAutoimmune diseases. 676 $a616.36507 701 $aLevy$b Mike$f1953-$01666685 701 $aChari$b Suresh T$01763988 801 0$bMiAaPQ 801 1$bMiAaPQ 801 2$bMiAaPQ 906 $aBOOK 912 $a9910438009903321 996 $aAutoimmune (IgG4-associated) pancreatitis and cholangitis$94204721 997 $aUNINA